Tabuľky dane zo mzdy

Gespeichert in:
Bibliographische Detailangaben
Format: Buch
Sprache:Slowakisch
Veröffentlicht: [S.l.] [s.n.] [1991]
Ausgabe:1. vyd.
Schlagworte:
Tags: Tag hinzufügen
Keine Tags, Fügen Sie das erste Tag hinzu!

MARC

LEADER 00000nam a2200000 4500
001 c000635
005 20221214095018.6
041 0 |a slo 
044 |a CS 
245 1 0 |a Tabuľky dane zo mzdy 
250 |a 1. vyd. 
264 1 |a [S.l.]  |b [s.n.]  |c [1991] 
300 |a 17 s. 
610 2 0 |a dane zo mzdy 
610 2 0 |a sadzby daňové 
610 2 0 |a ČSFR